LEADER 01244nam a2200301 u 4500 001 000000019007 003 CaOOAMICUS 005 20070226110735.0 008 070226s1961 it u000 u ita u 035 $a10453602 040 $aPUL(R)$bita 041 0 $aita$alat 100 1 $aLucchesi, Giovanni,$csac.$0(OLS)http://pul/name/14692 245 10$aClavis s. Petri Damiani /$cGiovanni Lucchesi. 260 $aFaenza :$bSeminario vescovile Pio XII,$c1961. 300 $a164 p. ;$c25 cm 490 1 $aBiblioteca cardinale Gaetano Cicognani ;$v5 600 04$aPetrus Damianus,$cs.,$d1007-1072.$0(OLS)http://pul/subject/3146 830 0$aBiblioteca cardinale Gaetano Cicognani ;$v5.$0(OLS)http://pul/title/15308 850 $aPUL 852 $aPUL$W1$xDP1 Fondo Maccarrone$y58$m1522 F 25$j26756$nBK-PRI$b $qFondi$B26756$CPULBib$Z2$F26756 $H $81 941 1 $a1 960 $aPier Damiani,$cs.,$d1007-1072$93146 960 $aPietro Damiani,$cs.,$d1007-1072$93146 960 $aDamiani, Pietro,$cs.,$d1007-1072$93146 961 $aINV: F. Maccarrone 996 $6245$aClavis s. Petri Damiani$9(OLS)http://pul/title/26946 996 $6260$aFaenza :$bSeminario vescovile Pio XII$9(OLS)http://pul/publisher/55950 LEADER 01166nam a2200253 a 4500 001 000000145213 003 CaOOAMICUS 005 20150723134355.0 008 150723s1976 it b u000 u ita r 040 $aPUL$bita 100 1 $aGiavini, Giovanni.$0(OLS)http://pul/name/93024 245 10$aGioia e libertà in Cristo :$ble lettere di S. Paolo ai Filippesi e a Filemone /$cGiovanni Giavini. 260 $aLeumann (Torino) :$bElle Di Ci$g1976 300 $a78 p. :$bc. geogr. ;$c19 cm 490 1 $aCommenti al Nuovo Testamento 630 04$aBiblia.$pN.T.$pAd Philippenses$xCommenti.$0(OLS)http://pul/subject/8031 630 04$aBiblia.$pN.T.$pAd Philemonem$xCommenti.$0(OLS)http://pul/subject/9385 830 0$aCommenti al Nuovo Testamento.$0(OLS)http://pul/title/183645 850 $aPUL 852 $aPUL$W1$xDP1 Fondo S. Lanza$y121$m3 L 35$j167883$qFondi$B168442$CPULBib$Z2$F168442 $HLan1253 $82 941 1 $a1 996 $6245$aGioia e libertà in Cristo :$ble lettere di S. Paolo ai Filippesi e a Filemone$9(OLS)http://pul/title/183648 996 $6260$aLeumann (Torino) :$bElle Di Ci$9(OLS)http://pul/publisher/53685